Exploraciones de la Caverna de Santimamiñe / (Record no. 27353)

MARC details
000 -LEADER
campo de control de longitud fija 01327nam a2200265 i 4500
001 - NÚMERO DE CONTROL
campo de control 27353
003 - IDENTIFICADOR DE NÚMERO DE CONTROL
campo de control ES-MaACL
005 - FECHA Y HORA DE LA ÚLTIMA TRANSACCIÓN
campo de control 20251215144032.0
007 - CAMPO FIJO DE DESCRIPCIÓN FÍSICA--INFORMACIÓN GENERAL
campo de control de longitud fija t|
008 - DATOS DE LONGITUD FIJA--INFORMACIÓN GENERAL
campo de control de longitud fija 030114m19251935sp ||||1| spa d
100 1# - ENTRADA PRINCIPAL--NOMBRE DE PERSONA
Nombre de persona Aranzadi, Telesforo de,
Fechas asociadas al nombre 1860-1945
9 (RLIN) 22335
245 10 - MENCIÓN DEL TÍTULO
Título Exploraciones de la Caverna de Santimamiñe /
Mención de responsabilidad, etc. por Telesforo de Aranzadi, José Miguel de Barandiarán y Enrique de Eguren.
260 ## - PUBLICACIÓN, DISTRIBUCIÓN, ETC.
Lugar de publicación, distribución, etc. Bilbao :
Nombre del editor, distribuidor, etc. [s.n.,
Fecha de publicación, distribución, etc. 1925-1935] (
Fabricante Artes Gráf. Grijelmo)
300 ## - DESCRIPCIÓN FÍSICA
Extensión 3 v. :
Otras características físicas lám., gráf. pleg., il. ;
Dimensiones 27 cm.
505 8# - NOTA DE CONTENIDO CON FORMATO
Nota de contenido con formato Contiene: I. 1ª Memoria: Figuras rupestres (50 p., 12 lám.) - II. 2ª Memoria: Los niveles con cerámica y el conchero (114 p., 41 lám.) - III. 3ª Memoria: Yacimientos azilienses y paleolíticos. Exploraciones en la caverna humentxa (Lequeitio) (135 p., 45 lám.)
530 ## - NOTA DISPONIBLE DE FORMULARIO FÍSICO ADICIONAL
Nota de formato físico adicional disponible Disponible en formato digital el v. I.
650 #4 - PUNTO DE ACCESO ADICIONAL DE MATERIA--TÉRMINO DE MATERIA
Término de materia o nombre geográfico como elemento de entrada Excavaciones arqueológicas-
Subdivisión geográfica Vizcaya.
9 (RLIN) 172803
651 #4 - PUNTO DE ACCESO ADICIONAL DE MATERIA--NOMBRE GEOGRÁFICO
Nombre geográfico Cueva de Santimamiñe (Vizcaya)
9 (RLIN) 163753
700 1# - ENTRADA AGREGADA--NOMBRE PERSONAL
Nombre de persona Barandiarán, José Miguel de,
Fechas asociadas al nombre 1889-1991
9 (RLIN) 25311
700 1# - ENTRADA AGREGADA--NOMBRE PERSONAL
Nombre de persona Eguren, Enrique de.
9 (RLIN) 46769
852 ## - LOCALIZACIÓN
Ubicación ES-MaACL
Número de control de estantería C-7087-89
Ubicación en estantería Sala Palomar
856 ## - LOCALIZACIÓN Y ACCESO ELECTRÓNICOS
Identificador Uniforme de Recursos <a href="https://www.bilbao.eus/bld/imagenesbld/00009832/000/00009832.pdf?rd=003123534540995206">https://www.bilbao.eus/bld/imagenesbld/00009832/000/00009832.pdf?rd=003123534540995206</a>
Texto de enlace Bilboko Liburutegi Digitala
942 ## - ELEMENTOS DE ENTRADA SECUNDARIOS (KOHA)
Fuente del sistema de clasificación o colocación Clasificación decimal universal
Holdings
Estatus retirado Estado de pérdida Estado de daño No para préstamo Colección Biblioteca de origen Biblioteca actual Ubicación en estantería Fecha de adquisición Fuente de adquisición Total de préstamos Signatura topográfica completa Código de barras Visto por última vez Precio de reemplazo Tipo de ítem Koha
        Colección digital Biblioteca del Ateneo de Madrid Biblioteca del Ateneo de Madrid Sala Palomar 17/01/2008     C-7087-89 1028232 23/02/2023 23/02/2023 Libro impreso